[Event "Open A"]
[Site "Klatovy CZE"]
[Date "2004.07.07"]
[Round "5"]
[White "Foukal,F"]
[Black "Kucera,T"]
[Result "0-1"]
[WhiteElo "2026"]
[BlackElo "2058"]

1.e4 d6 2.d4 Nf6 3.Nc3 c6 4.Bg5 Nbd7 5.Qd2 Qc7 6.f4 e5 7.dxe5 dxe5 8.Nf3 Be7
9.fxe5 Nxe5 10.Bf4 Nfd7 11.Qf2 O-O 12.Qg3 Bd6 13.Nxe5 Nxe5 14.O-O-O Nd3+
15.Qxd3 Bxf4+ 16.Kb1 b5 17.Qf3 Be6 18.Ne2 Be5 19.Nd4 Bxd4 20.Rxd4 Qa5 21.b3 c5
22.Rd1 c4 23.Kb2 Rfc8 24.c3 cxb3 25.axb3 Bxb3 26.Kxb3 Qa4+ 27.Kb2 b4 28.c4 Rd8
29.Rd5 b3 30.Qxb3 Qe8 31.Bd3 Rxd5 32.exd5 Rb8 33.Qxb8 Qxb8+ 34.Kc3 Qe5+ 35.Kc2 g6
36.g3 h5 37.Rb1 h4 38.Rb7 hxg3 39.hxg3 Qxg3 40.Kc3 Qe5+ 41.Kb3 Qd4 42.Bb1 g5
43.Rb5 a6 44.Rb8+ Kg7 45.Re8 g4 46.Re4 Qd1+ 47.Bc2 Qf3+ 48.Kb4 f5 49.Rd4 Qf2
50.Kc5 g3 51.d6 g2 52.d7 Qxd4+ 53.Kxd4 g1=Q+ 54.Kd5 Qb6 55.Bxf5 Kf6 56.c5 Qc7
57.Bg4 Ke7 58.Bf5 a5 59.Kc4 Qf4+  0-1

[Event "TCh-GRE"]
[Site "Aghia Pelagia GRE"]
[Date "2004.07.08"]
[Round "6"]
[White "Mastoras,I"]
[Black "Skalkotas,N"]
[Result "0-1"]
[WhiteElo "2248"]
[BlackElo "2294"]

1.e4 d6 2.d4 Nf6 3.Nc3 e5 4.dxe5 dxe5 5.Qxd8+ Kxd8 6.Bg5 c6 7.Nf3 Nd7 8.Bc4 Ke8
9.O-O Be7 10.a3 Nh5 11.Rad1 f6 12.Be3 Nc5 13.Be2 Nf4 14.Bxf4 exf4 15.Nd4 Ne6
16.Nf5 g6 17.Nd6+ Bxd6 18.Rxd6 Ke7 19.Rfd1 Rd8 20.Rxd8 Nxd8 21.Bc4 Be6 22.Bd3 Nf7
23.Ne2 g5 24.Nd4 Ne5 25.Be2 c5 26.Nxe6 Kxe6 27.f3 Ke7 28.Rd5 b6 29.Kf2 Rd8
30.c4 Rg8 31.h3 h5 32.b4 Rc8 33.b5 a6 34.bxa6 Ra8 35.Rd2 Rxa6 36.Rb2 Kd6
37.Rb3 Kc7 38.Rc3 Ra8 39.Rc1 Rxa3 40.h4 Ra2 41.Rd1 g4 42.fxg4 hxg4  0-1

[Event "TCh-GRE"]
[Site "Aghia Pelagia GRE"]
[Date "2004.07.09"]
[Round "7"]
[White "Mastrokoukos,G"]
[Black "Mastoras,I"]
[Result "1-0"]
[WhiteElo "2333"]
[BlackElo "2248"]

1.e4 d6 2.d4 Nf6 3.Nc3 e5 4.Nf3 exd4 5.Nxd4 Nc6 6.Bc4 Nxd4 7.Qxd4 Be7 8.O-O O-O
9.a4 Be6 10.Bxe6 fxe6 11.e5 dxe5 12.Qxe5 Qd6 13.Qe2 c6 14.Re1 Rf7 15.Qxe6 Qxe6
16.Rxe6 Ng4 17.f3 Bc5+ 18.Kf1 Nxh2+ 19.Ke2 Raf8 20.Be3 Bxe3 21.Rxe3 Ng4 22.fxg4 Rf2+
23.Kd3 Rd8+ 24.Kc4 Rxc2 25.b4 Rxg2 26.Re4 Rc8 27.Rd1 h6 28.Rd7 Rb8 29.a5 Rg3
30.Ne2 Rg2 31.Nd4 b6 32.a6 Rc8 33.Nf5 Kh8 34.Rxg7 h5 35.Rxa7 Rc2+ 36.Kb3 Rd2
37.Ree7  1-0

[Event "TCh-GRE"]
[Site "Aghia Pelagia GRE"]
[Date "2004.07.09"]
[Round "7"]
[White "Kotronias,V"]
[Black "Managadze,N"]
[Result "1-0"]
[WhiteElo "2608"]
[BlackElo "2463"]

1.e4 d6 2.d4 Nf6 3.Nc3 e5 4.dxe5 dxe5 5.Qxd8+ Kxd8 6.Bc4 Be6 7.Bxe6 fxe6
8.Be3 Nbd7 9.f3 Bc5 10.Nd1 Ke7 11.Ne2 c6 12.Nc1 b5 13.Nd3 Bb6 14.a4 Bxe3
15.Nxe3 a6 16.c4 c5 17.axb5 axb5 18.Ke2 b4 19.g4 g5 20.h4 h6 21.hxg5 hxg5
22.Rxh8 Rxa1 23.Nf1 Ra7 24.Nd2 Rc7 25.Nb3 Rc6 26.Kd1 Rc7 27.Kd2 Rc6 28.Kc2 Rc7
29.Na5 Ne8 30.Rg8 Nd6 31.Rxg5 Kf6 32.Rh5 Nf7 33.Nb3 Ng5 34.Nd2 Rc8 35.f4 Nf7
36.Nf3 exf4 37.g5+ Kg7 38.Nxf4 Nf8 39.g6 Nd6 40.Nd2 Rc6 41.Rg5 Ne8 42.e5 Rc7
43.Ne4 Kh8 44.Rh5+ Kg7 45.Rh1 Re7 46.Nxc5  1-0

[Event "TCh-GRE"]
[Site "Aghia Pelagia GRE"]
[Date "2004.07.09"]
[Round "7"]
[White "Tzolas,G"]
[Black "Kostopoulos,E"]
[Result "0-1"]
[WhiteElo "2143"]
[BlackElo "2075"]

1.e4 d6 2.d4 Nf6 3.Nc3 c6 4.Nf3 Bg4 5.Be2 Nbd7 6.O-O e5 7.a4 a5 8.Be3 Be7
9.Qd2 O-O 10.h3 Bh5 11.Rad1 Qc7 12.Bg5 Rfe8 13.Nh4 Bxe2 14.Qxe2 exd4 15.Rxd4 h6
16.Be3 Bf8 17.Qf3 Nc5 18.Nf5 Re6 19.Rfd1 Rae8 20.Ng3 Qe7 21.Nf5 Qc7 22.Ng3 g6
23.Bf4 Nfd7 24.Qe3 g5 25.Bxg5 hxg5 26.Qxg5+ Rg6 27.Qf4 Ne6  0-1

[Event "GM"]
[Site "Brno CZE"]
[Date "2004.07.09"]
[Round "9"]
[White "Petrik,T"]
[Black "Zawadzki,S"]
[Result "1-0"]
[WhiteElo "2457"]
[BlackElo "2428"]

1.e4 d6 2.d4 Nf6 3.Nc3 e5 4.Nf3 Nbd7 5.Bc4 Be7 6.O-O O-O 7.Re1 c6 8.a4 b6
9.d5 cxd5 10.Nxd5 Bb7 11.Bg5 Rc8 12.Bxf6 Nxf6 13.Nxf6+ Bxf6 14.Qd3 Rc5 15.Rad1 Qc8
16.Bb3 Rd8 17.Nd2 Qc7 18.Qf3 Bg5 19.Nb1 g6 20.Nc3 Kg7 21.Nb5 Qe7 22.Nxd6 Rxd6
23.Rxd6 Bxe4 24.Qxf7+ Qxf7 25.Bxf7 Bxc2 26.Rd7 Bxa4 27.Rxa7  1-0

[Event "Open A"]
[Site "Klatovy CZE"]
[Date "2004.07.09"]
[Round "7"]
[White "Jandecka,T"]
[Black "Turner,Ja"]
[Result "1/2-1/2"]
[WhiteElo "2150"]
[BlackElo "2338"]

1.e4 d6 2.d4 Nf6 3.Nc3 e5 4.dxe5 dxe5 5.Qxd8+ Kxd8 6.Bg5 c6 7.O-O-O+ Ke8
8.f4 Be7 9.g3 Nbd7 10.Nf3 h6 11.Bh4 Bc5 12.Bxf6 Be3+ 13.Kb1 gxf6 14.fxe5 Nxe5
15.Be2 Ke7 16.Nh4 Be6 17.Nf5+ Bxf5 18.exf5 Rad8 19.Ne4 Bb6 20.c3 Bc7 21.Kc2 Nd7
22.Rhe1 Ne5 23.Rxd8 Rxd8 24.g4 Rg8 25.h3 Rd8 26.Rd1 Rxd1 27.Kxd1  1/2-1/2

[Event "TCh-GRE"]
[Site "Aghia Pelagia GRE"]
[Date "2004.07.10"]
[Round "8"]
[White "Macieja,B"]
[Black "Managadze,N"]
[Result "1-0"]
[WhiteElo "2633"]
[BlackElo "2463"]

1.e4 d6 2.d4 Nf6 3.Nc3 e5 4.Nf3 Nbd7 5.Bc4 Be7 6.O-O O-O 7.Re1 c6 8.a4 Qc7
9.b3 Nb6 10.Be2 a5 11.h3 Re8 12.Be3 Bf8 13.Bd3 g6 14.Qd2 Nbd7 15.Rad1 b6
16.Bc4 Ba6 17.Bxa6 Rxa6 18.d5 c5 19.Qd3 c4 20.Qxc4 Qxc4 21.bxc4 Rc8 22.Nd2 Nc5
23.f4 Nfd7 24.f5 Raa8 25.g4 f6 26.h4 Be7 27.g5 gxf5 28.exf5 Kf7 29.Kf2 fxg5
30.hxg5 h6 31.g6+ Kg7 32.Rh1 Rh8 33.Ke2 Rac8 34.Bxc5 Nxc5 35.Rb1 Rb8 36.Nde4 Nxe4
37.Nxe4 h5 38.Rh3 h4 39.Rf1 Rbf8 40.Rhf3 h3 41.f6+ Bxf6 42.Nxf6 h2 43.Nh5+ Rxh5
44.Rxf8 h1=Q 45.Rxh1 Rxh1 46.Rd8 Rh2+ 47.Kd3 Kxg6 48.Rxd6+ Kf5 49.Rxb6 e4+
50.Kc3 Rh3+ 51.Kd4 Rh2 52.Re6 Rd2+ 53.Ke3 Rd1 54.Re8 Ra1 55.d6 Rd1 56.c5 Rd5
57.c6  1-0

[Event "22nd Open"]
[Site "Andorra la Vella AND"]
[Date "2004.07.10"]
[Round "8"]
[White "Erenburg,S"]
[Black "Damljanovic,B"]
[Result "1/2-1/2"]
[WhiteElo "2533"]
[BlackElo "2583"]

1.e4 d6 2.d4 Nf6 3.Nc3 e5 4.Nf3 Nbd7 5.Bc4 Be7 6.O-O O-O 7.Re1 Nb6 8.Bf1 Nfd7
9.Be3 c6 10.Nd2 Nf6  1/2-1/2

[Event "IMA"]
[Site "Brno CZE"]
[Date "2004.07.10"]
[Round "8"]
[White "Pisk,P"]
[Black "Orsag,Mil1"]
[Result "0-1"]
[WhiteElo "2344"]
[BlackElo "2392"]

1.e4 d6 2.d4 Nf6 3.Nc3 e5 4.Nf3 Nbd7 5.Bc4 Be7 6.O-O O-O 7.Re1 c6 8.a4 b6
9.Ba2 a6 10.h3 Rb8 11.d5 c5 12.Bc4 Ne8 13.Qd3 Nc7 14.Rb1 Kh8 15.Be3 f5 16.b4 b5
17.Ba2 c4 18.Qd1 f4 19.Bc1 g5 20.Nh2 Nf6 21.Ng4 Bxg4 22.hxg4 Qd7 23.f3 h5
24.gxh5 g4 25.Kf2 Rg8 26.Rh1 gxf3 27.gxf3 Rg3 28.Qf1 Rbg8 29.Bd2 Nh7 30.Ne2 Rxf3+
31.Kxf3 Qg4+ 32.Kf2 Bh4+  0-1

[Event "15th Open"]
[Site "Ljubjana SLO"]
[Date "2004.07.10"]
[Round "1"]
[White "Boldrin,M"]
[Black "Krstic,U"]
[Result "0-1"]
[WhiteElo "1877"]
[BlackElo "2366"]

1.e4 d6 2.d4 Nf6 3.Nc3 c6 4.Bd3 Qb6 5.Nge2 e5 6.d5 Be7 7.O-O O-O 8.Ng3 Na6
9.Na4 Qa5 10.c4 b5 11.cxb5 cxb5 12.Nc3 b4 13.Bxa6 Bxa6 14.Nce2 Rfc8 15.Bg5 Bd8
16.Bxf6 Bxf6 17.Re1 Bg5 18.Nf5 g6 19.h4 Bf6 20.Nh6+ Kg7 21.Qd2 Bxh4 22.Ng4 h5
23.Qh6+ Kg8 24.g3 Be7 25.Kg2 hxg4 26.Rh1 Bf6 27.Qh7+ Kf8 28.Nc1 Rc2 29.Nb3 Qb6  0-1

[Event "TCh-GRE"]
[Site "Aghia Pelagia GRE"]
[Date "2004.07.11"]
[Round "9"]
[White "Georgiadis,I"]
[Black "Efstathopoulos,P"]
[Result "1/2-1/2"]
[WhiteElo "2038"]
[BlackElo "2017"]

1.e4 d6 2.d4 Nf6 3.Nc3 e5 4.dxe5 dxe5 5.Qxd8+ Kxd8 6.Bc4 Be6 7.Bxe6 fxe6
8.Bg5 Bd6 9.O-O-O Nd7 10.f3 Ke7 11.Nh3 a6 12.Nf2 h6 13.Bh4 b5 14.Kd2 Rab8
15.Ke2 g5 16.Bg3 Nh5 17.Nb1 Nf4+ 18.Bxf4 exf4 19.h4 Ne5 20.Nd3 c5 21.Nxe5 Bxe5
22.c3 c4 23.Na3 Bf6 24.hxg5 hxg5 25.Nc2 Rxh1 26.Rxh1 Rh8 27.Rxh8 Bxh8 28.Nb4 a5
29.Nc6+ Kd6 30.Nxa5 Kc7 31.Kd2 Bf6 32.b4 Kb6 33.a4 Be7 34.Kc2 Bf6 35.Kb2 Be7
36.Kc1 Bf6 37.Kc2 Bd8 38.axb5 Kxb5 39.Nb7 Be7 40.Kb2 Kb6 41.Na5 Kb5 42.e5 Bd8
43.Nb7 Bc7 44.Nd6+ Bxd6 45.exd6 Kc6 46.b5+ Kxd6 47.Ka3 e5 48.Kb4 e4 49.Kxc4 e3
50.Kd3 Kc5  1/2-1/2

[Event "22nd Open"]
[Site "Andorra la Vella AND"]
[Date "2004.07.11"]
[Round "9"]
[White "De la Riva Aguado,O"]
[Black "Strikovic,A"]
[Result "1/2-1/2"]
[WhiteElo "2552"]
[BlackElo "2474"]

1.e4 d6 2.d4 Nf6 3.Nc3 e5 4.Nf3 Nbd7 5.Bc4 Be7 6.O-O O-O 7.Re1 c6 8.a4 a5
9.b3 exd4 10.Nxd4 Nc5 11.Bb2 Re8 12.f3 Bf8 13.Qd2 Qb6 14.Kh1 Bd7 15.Rad1 Re5
16.Nde2 Ree8 17.Nd4 Re5 18.Nde2 Ree8 19.Nd4  1/2-1/2

[Event "Open"]
[Site "Condom FRA"]
[Date "2004.07.11"]
[Round "2"]
[White "Maghrabi,Y"]
[Black "Garrel,A"]
[Result "1-0"]
[WhiteElo "2076"]
[BlackElo "2174"]

1.e4 d6 2.d4 Nf6 3.Nc3 Nbd7 4.Nf3 e5 5.g3 c6 6.a4 b6 7.Bg2 a6 8.O-O Be7 9.b3 O-O
10.Bb2 Bb7 11.Nh4 Re8 12.h3 Qc7 13.Qd2 Rac8 14.Nf5 Bf8 15.Rad1 Red8 16.Qg5 Kh8
17.f4 exd4 18.Rxd4 Ng8 19.Rfd1 h6 20.Qh4 Ndf6 21.g4 g6 22.g5 gxf5 23.gxf6 d5
24.e5 Bc5 25.Kh1 Bxd4 26.Rxd4 c5 27.Rd3 d4 28.Rg3 Bxg2+ 29.Kh2  1-0

[Event "15th Open"]
[Site "Ljubjana SLO"]
[Date "2004.07.11"]
[Round "2"]
[White "Pavasovic,D"]
[Black "Srebrnic,V"]
[Result "1/2-1/2"]
[WhiteElo "2592"]
[BlackElo "2246"]

1.e4 d6 2.d4 Nf6 3.Nc3 e5 4.Nf3 Nbd7 5.Bc4 Be7 6.O-O O-O 7.a4 c6 8.Re1 b6
9.d5 cxd5 10.Nxd5 Nxd5 11.Bxd5 Rb8 12.Qd3 Nf6 13.Bb3 Bb7 14.Bg5 Qc7 15.Rad1 Rbd8
16.Bxf6 Bxf6 17.Nd2 Bc8 18.Nb1 Bg4 19.f3 Be6 20.Nc3 Rd7 21.Bd5 Rc8 22.Qb5 Bg5
23.Qb3 Re8 24.Rd3 Qc5+ 25.Kf1 Bh4 26.Re2 a6 27.Nd1 Bg5 28.Nc3 Bf4 29.Bxe6 fxe6
30.g3 Bg5 31.Re1 h5 32.Red1 h4 33.Ne2 b5 34.axb5 axb5 35.Nc3 b4 36.Na2 d5
37.exd5 e4 38.Rd4 exf3 39.Nxb4 e5 40.Rg4 Bh6 41.d6+ Kh8 42.Qxf3 Rxd6 43.Rxd6 Qxd6
44.Kg2 Rf8 45.Qe2 hxg3 46.hxg3 Rd8 47.Re4 Qg6 48.Nd3 Rd4 49.Rxd4 exd4 50.Qf3 Be3
51.b4 Qe8 52.Qd5 Qa4 53.Qh5+ Kg8 54.Qe2 Qa1 55.Ne1 Qa8+ 56.Qf3 Qa1 57.Qd5+ Kh8
58.Qh5+ Kg8 59.Qe8+ Kh7 60.Nf3 Qd1 61.Qe4+ Kg8 62.Qd3 Qb1 63.Qb3+ Qxb3 64.cxb3 Kf8
65.Kf1 Ke7 66.Ke2 Kd6 67.Kd3 Kd5 68.g4 Bf2 69.b5 Kc5 70.b6 Kxb6 71.Nxd4 Kc5
72.Ne6+ Kb4 73.Kc2 g6 74.Nf4 Bg3 75.Nxg6 Kc5 76.Ne7 Bf4 77.Kd3 Bg5 78.Nf5 Kd5
79.Ng3 Be7 80.Ne2 Ke5 81.Kc4 Kf6 82.Nd4 Kg5 83.Nc6 Bd6 84.Kd5 Ba3 85.Ne5 Kf4
86.Ke6 Kg5 87.Kf7 Kf4 88.Ke6 Kg5 89.Kd5 Kf4 90.Nc4 Bb4 91.Ne3 Bd2 92.Nf1 Be1
93.Nh2 Bg3 94.Nf1 Be1 95.Nh2 Bg3 96.Nf3 Kxg4 97.Ne5+ Kf5 98.Nd3 Kf6 99.b4 Ke7
100.Kc6 Kd8 101.b5 Bc7 102.Nc5 Kc8 103.Nd7 Ba5 104.Nb6+ Kb8 105.Nc4 Bd8 106.Ne3 Ba5
107.Nd5 Bd8 108.Nb4 Ba5 109.Na6+ Kc8 110.Nc5 Kb8 111.Nb3 Bd8 112.Nd2 Ba5
113.Nc4 Bd8 114.Kd6 Bc7+ 115.Kc6 Bd8 116.Nb6 Ka7 117.Nd7 Ba5 118.Nf8 Bb6
119.Ng6 Bf2 120.Ne7 Kb8 121.Nf5 Bg1 122.Nd6 Bf2 123.Nc4 Bg1 124.Nb6 Bf2 125.Nd7+ Kc8
126.Nc5 Bxc5 127.Kxc5 Kc7 128.b6+ Kb7 129.Kb5 Kb8 130.Kc6 Kc8 131.b7+ Kb8
132.Kb6  1/2-1/2

[Event "Open"]
[Site "Olomouc CZE"]
[Date "2004.07.12"]
[Round "9"]
[White "Arutinian,D"]
[Black "Krapivin,V"]
[Result "1-0"]
[WhiteElo "2433"]
[BlackElo "2311"]

1.e4 d6 2.d4 Nf6 3.Nc3 e5 4.Nf3 Nbd7 5.Bc4 Be7 6.O-O O-O 7.Qe2 c6 8.a4 Qe8
9.Rd1 Bd8 10.a5 b5 11.axb6 Bxb6 12.d5 cxd5 13.Bxd5 Nxd5 14.Nxd5 Bb7 15.Nh4 f5
16.Nxf5 Bxd5 17.Rxd5 Bc5 18.Be3 Nf6 19.Rxc5 dxc5 20.Bxc5 g6 21.Bxf8 gxf5
22.Bb4 Nxe4 23.f3 Ng5 24.Bc3 Nf7 25.Qa6 Qe7 26.f4 exf4 27.Re1 Qc5+ 28.Kh1 Qb6
29.Qc4 Qd6 30.Qb5 Rf8 31.Qxf5 Nh8 32.Qe4 f3 33.gxf3 Rf4 34.Qb7 Qf8  1-0

[Event "Aegean Open"]
[Site "Agios Kirykos GRE"]
[Date "2004.07.13"]
[Round "1"]
[White "Frhat,A"]
[Black "Kostopoulos,E"]
[Result "1-0"]
[WhiteElo "2310"]
[BlackElo "2075"]

1.e4 d6 2.d4 Nf6 3.Nc3 c6 4.g3 Nbd7 5.Bg2 e5 6.Nge2 Be7 7.O-O O-O 8.a4 a5
9.b3 Qc7 10.Ba3 Re8 11.Qd2 Bf8 12.Rad1 exd4 13.Nxd4 Nc5 14.Rfe1 Bg4 15.f3 Bd7
16.Qf4 Re5 17.Qc1 Rd8 18.f4 Ree8 19.h3 Bc8 20.Kh2 Nfd7 21.Bb2 g6 22.Re2 Bg7
23.Ndb5 cxb5 24.Nxb5 Qb8 25.Bxg7 Kxg7 26.Nxd6 Re7 27.e5 b6 28.f5 Nxe5 29.f6+ Kxf6
30.Qf4+ Kg7 31.Rxe5 Be6 32.Re2 Red7 33.Red2 Qc7 34.h4 h5 35.Rd4 Bg4 36.R1d2 Ne6
37.Qe5+ f6 38.Ne8+ Kf8 39.Nxc7 fxe5 40.Rxd7 Rxd7 41.Rxd7  1-0

[Event "15th Open"]
[Site "Ljubjana SLO"]
[Date "2004.07.13"]
[Round "5"]
[White "Nepomniachtchi,I"]
[Black "Srebrnic,A"]
[Result "1-0"]
[WhiteElo "2476"]
[BlackElo "2257"]

1.e4 d6 2.d4 Nf6 3.Nc3 e5 4.Nf3 Nbd7 5.Bc4 Be7 6.O-O O-O 7.a4 c6 8.Re1 b6
9.d5 cxd5 10.Bxd5 Rb8 11.b3 a6 12.Ba3 Qc7 13.Bc4 Nc5 14.Bxc5 Qxc5 15.Nd5 Nxd5
16.Qxd5 Qxd5 17.Bxd5 Be6 18.Red1 Bg4 19.Rd3 Bxf3 20.Rxf3 Bf6 21.a5 Rfc8 22.axb6 Rxb6
23.c3 Rc7 24.g3 Kf8 25.h4 h6 26.Kg2 Ke8 27.Ra4 Bd8 28.Rc4 f6 29.Ra4 Rc5 30.h5 Rc8
31.Kh3 Rc7 32.Kg4 Ra7 33.Kf5 Ke7 34.Rd3 a5 35.Bc4 Rc6 36.Bd5 Rc8 37.Kg6 Kf8
38.Bc4 Rc6 39.Bb5 Rb6 40.c4 Bc7 41.b4 Rb8 42.bxa5 Rxa5  1-0

[Event "15th Open"]
[Site "Ljubjana SLO"]
[Date "2004.07.13"]
[Round "6"]
[White "Ivanisevic,I"]
[Black "Tratar,M"]
[Result "1-0"]
[WhiteElo "2544"]
[BlackElo "2449"]

1.e4 d6 2.d4 Nf6 3.Nc3 e5 4.Nf3 exd4 5.Nxd4 Be7 6.g3 d5 7.e5 Ng4 8.Bg2 Nxe5
9.Nxd5 Bd6 10.Nb5 c6 11.Nf6+ Ke7 12.Nxd6 Qxd6 13.Qxd6+ Kxd6 14.Ne4+ Kc7 15.Bf4 f6
16.O-O-O Bg4 17.Rd4 Nd7 18.h3 Be6 19.Rhd1 Rad8 20.g4 h6 21.Bg3 Bd5 22.f4 Nc4
23.Re1 Rhe8 24.b3 Nd6 25.f5 Ne5 26.Nxd6 Rxd6 27.Bf1 c5 28.Rd2 Rd7 29.Rde2 Rde7
30.Bf4 b6 31.Re3 Kb7 32.Kb2 a6 33.a4 Bc6 34.h4 Bd7 35.Bg2+ Bc6 36.Bh3 Bd7
37.Kc3 a5 38.Bf1 Kc7 39.Ba6 Bc8 40.Bxe5+ fxe5 41.Bxc8 Kxc8 42.Kc4 Kc7 43.Kb5 e4
44.Rf1 Re5 45.Rf4 Rd8 46.Rfxe4  1-0

[Event "Glassy Stream Open"]
[Site "Kharkov UKR"]
[Date "2004.07.14"]
[Round "6"]
[White "Kozlov,Y"]
[Black "Kovytev,N"]
[Result "1-0"]
[WhiteElo "2292"]
[BlackElo "2197"]

1.e4 d6 2.d4 Nf6 3.Nc3 Nbd7 4.Nf3 e5 5.Bc4 Be7 6.O-O O-O 7.Bg5 c6 8.a4 h6
9.Bh4 Nxe4 10.Bxe7 Qxe7 11.Nxe4 d5 12.Ned2 dxc4 13.Re1 Qb4 14.dxe5 Nb6 15.Qe2 Be6
16.Ne4 Nxa4 17.c3 Qb5 18.Nd4 Qxb2 19.Rxa4 Qxe2 20.Rxe2 Bd5 21.Nd6 Rfb8 22.Rb2 g6
23.f3 b5 24.Ra6 Rb6 25.Rba2 Rab8 26.Rxb6 Rxb6 27.Nc8 b4 28.Nxb6 b3 29.Nxd5 bxa2
30.Nf6+  1-0

[Event "Aegean Open"]
[Site "Agios Kirykos GRE"]
[Date "2004.07.16"]
[Round "5"]
[White "Skaperdas,K"]
[Black "Georgiadis,I"]
[Result "1-0"]
[WhiteElo "2217"]
[BlackElo "2038"]

1.e4 d6 2.d4 Nf6 3.Nc3 c6 4.f4 Qa5 5.Bd3 e5 6.Nf3 Nbd7 7.Be3 Ng4 8.Qd2 Nxe3
9.Qxe3 Be7 10.O-O-O O-O 11.g4 exd4 12.Nxd4 Nc5 13.g5 Re8 14.Kb1 Bf8 15.h4 Bd7
16.h5 b5 17.g6 fxg6 18.hxg6 h6 19.f5 b4 20.Nce2 Nxd3 21.cxd3 Bxf5 22.Rh5 Qa4
23.b3 Bxg6 24.bxa4 Bxh5 25.Nxc6 Rac8 26.Rc1 Bg6 27.Nf4 Bf7 28.Qh3 Rc7 29.Nd4 Rb7
30.Rc8 Rb8 31.Rxb8 Rxb8 32.Qd7  1-0

[Event "Canadian Open"]
[Site "Kapuskasing CAN"]
[Date "2004.07.16"]
[Round "8"]
[White "Bluvshtein,M"]
[Black "Fridman,D2"]
[Result "1/2-1/2"]
[WhiteElo "2462"]
[BlackElo "2594"]

1.e4 d6 2.d4 Nf6 3.Nc3 e5 4.dxe5 dxe5 5.Qxd8+ Kxd8 6.Bc4 Ke8 7.Nf3 Bd6 8.Bg5 Nbd7
9.O-O-O a6 10.h3 h6 11.Be3 b5 12.Bd5 Nxd5 13.Nxd5 Bb7 14.g4 Rd8 15.Nd2 c6  1/2-1/2

[Event "ACT Open"]
[Site "Amsterdam NED"]
[Date "2004.07.19"]
[Round "3"]
[White "Stellwagen,D"]
[Black "Gagunashvili,M"]
[Result "1/2-1/2"]
[WhiteElo "2509"]
[BlackElo "2580"]

1.e4 d6 2.d4 Nf6 3.Nc3 e5 4.Nf3 Nbd7 5.Bc4 Be7 6.O-O O-O 7.Re1 c6 8.a4 b6
9.Ba2 Bb7 10.dxe5 dxe5 11.Nh4 Nc5 12.Nf5 Bc8 13.Qf3 Qc7 14.Qg3 Bxf5 15.exf5 Rfe8
16.Bh6 Bf8 17.Bg5 Be7 18.Rxe5 Nfe4 19.Nxe4 Nxe4 20.Rxe4 Qxg3 21.hxg3 Bxg5
22.Rae1 Kf8 23.Bc4 Rxe4 24.Rxe4 Re8 25.Bd3 Rxe4 26.Bxe4 Bc1 27.b3 c5 28.Kf1 Ke7
29.Ke2 Kd6 30.Kd3 Bg5 31.Kc4 Bd8 32.Bd5 f6 33.Bg8 h6 34.Kb5 a5 35.f4 Kc7
36.Ka6 Be7 37.Bf7 Bd8 38.Kb5 Kd6 39.Kc4 Bc7 40.Kd3 Bd8 41.Ke4 Bc7 42.Bc4 Bd8
43.Kf3 Ke7 44.g4 Kd6 45.Kg3 Ke7 46.Kh4 Kf8 47.g3 Be7 48.Kh3 Bd8 49.Kg2 Ke7
50.Kf3 Kd6 51.Ke4 Be7 52.c3 Bd8 53.Be2 Be7 54.Kd3 Bd8 55.Kc4 Be7 56.Kb5 Bd8
57.Bf3 Kc7 58.Bd1 Be7 59.Bc2 Bd8 60.c4 Be7 61.Bd1 Bd6 62.Bc2  1/2-1/2

[Event "IM"]
[Site "Balatonlelle HUN"]
[Date "2004.07.22"]
[Round "4"]
[White "Roth,Pe"]
[Black "Nemeth,Mi"]
[Result "1/2-1/2"]
[WhiteElo "2244"]
[BlackElo "2375"]

1.e4 d6 2.d4 Nf6 3.Nc3 Nbd7 4.g3 e5 5.Nge2 g6 6.Bg2 Bg7 7.O-O O-O 8.h3 Re8
9.Be3 a6 10.a4 b6 11.d5 Rb8 12.g4 b5 13.axb5 axb5 14.Ng3 b4 15.Nce2 Nc5 16.Qd2 Nfd7
17.b3 Ba6 18.f3 Qc8 19.Rfd1 Qb7 20.h4 Rec8 21.Bh6 Bf6 22.Bg5 Bg7 23.Bh6 Bf6
24.Bg5 Bg7  1/2-1/2

[Event "Specsavers YM"]
[Site "Millfield School ENG"]
[Date "2004.07.22"]
[Round "5"]
[White "Hall,D"]
[Black "Purton,B"]
[Result "1/2-1/2"]
[WhiteElo "1967"]
[BlackElo "2106"]

1.e4 d6 2.d4 Nf6 3.Nc3 c6 4.Be3 Qa5 5.f3 e5 6.Bc4 Nbd7 7.Bb3 c5 8.dxc5 Nxc5
9.Ne2 Nxb3 10.axb3 Qc7 11.Nb5 Qd8  1/2-1/2

[Event "7th Open"]
[Site "Korinthos GRE"]
[Date "2004.07.23"]
[Round "2"]
[White "Dembo,Y"]
[Black "Kostopoulos,E"]
[Result "1-0"]
[WhiteElo "2423"]
[BlackElo "2075"]

1.e4 d6 2.d4 Nf6 3.Nc3 c6 4.f4 Qa5 5.Bd3 e5 6.Nf3 Nbd7 7.O-O exd4 8.Nxd4 Qb6
9.Be2 Nc5 10.Bf3 Ne6 11.Be3 Qxb2 12.Qd2 Qb4 13.Rab1 Qa5 14.e5 Nd5 15.Bxd5 cxd5
16.exd6 Bxd6 17.Ndb5 Be7 18.f5 d4 19.fxe6 dxe3 20.exf7+ Kf8 21.Qxe3 Qb6 22.Nd4 Qc5
23.Rxb7  1-0

[Event "Open"]
[Site "Balatonlelle HUN"]
[Date "2004.07.24"]
[Round "6"]
[White "Boros,K"]
[Black "Vukovic,I"]
[Result "1/2-1/2"]
[WhiteElo "2052"]
[BlackElo "2227"]

1.e4 d6 2.d4 Nf6 3.Nc3 c6 4.Be3 Qa5 5.Qd2 e5 6.f3 Be7 7.Nge2 Be6 8.g4 Nbd7
9.g5 Nh5 10.Ng3 Nxg3 11.hxg3 f6 12.g6 exd4 13.Rxh7 Rg8 14.Qxd4 Nf8 15.Bc4 Qe5
16.Qxe5 fxe5 17.Bxe6 Nxe6 18.O-O-O Nf8 19.Rh5 Nxg6 20.Bg5  1/2-1/2

[Event "ACT Open"]
[Site "Amsterdam NED"]
[Date "2004.07.25"]
[Round "9"]
[White "Kuzmin,A"]
[Black "Siebrecht,S"]
[Result "1-0"]
[WhiteElo "2567"]
[BlackElo "2340"]

1.d4 d6 2.e4 Nf6 3.Nc3 c6 4.Nf3 Bg4 5.Be2 e6 6.h3 Bxf3 7.Bxf3 d5 8.e5 Nfd7
9.O-O Be7 10.Ne2 O-O 11.Nf4 c5 12.c4 cxd4 13.cxd5 Nxe5 14.dxe6 Nxf3+ 15.Qxf3 Nc6
16.Qb3 Rb8 17.Bd2 h6 18.Rfe1 Bd6 19.Ng6 Qf6 20.Nxf8 Rxf8 21.f4 Bc5 22.Qxb7 d3+
23.Kh1 Nd4 24.e7 Re8 25.Qd7 Rxe7 26.Qc8+ Kh7 27.Qxc5  1-0

[Event "Politiken Cup"]
[Site "Copenhagen DEN"]
[Date "2004.07.25"]
[Round "2"]
[White "Greiff,H"]
[Black "Hansen,ReR"]
[Result "1-0"]
[WhiteElo "2253"]
[BlackElo "2066"]

1.e4 d6 2.d4 Nf6 3.Nc3 e5 4.Nge2 Nbd7 5.f3 c6 6.Be3 Be7 7.g4 exd4 8.Nxd4 Ne5
9.Be2 h6 10.Bf4 Bd7 11.Qd2 Qa5 12.h4 b5 13.a4 b4 14.Nd1 c5 15.Nb3 Qc7 16.Bxe5 dxe5
17.Bc4 Rd8 18.Qe2 Bc6 19.Nd2 Qd7 20.Bb5 O-O 21.Bxc6 Qxc6 22.Ne3 Rd7 23.b3 Rfd8
24.O-O-O Rd4 25.Nf5 R4d7 26.Nc4 Rxd1+ 27.Rxd1 Rxd1+ 28.Qxd1 Qe6 29.Kb2 Kh7
30.h5 g6 31.hxg6+ fxg6 32.Nfe3 Nd7 33.Nd5 Bg5 34.Qd3 h5 35.gxh5 gxh5 36.Nce3 Qh3
37.Nf5 Qh1 38.Nde3 Nf6 39.Qd8 Kg6 40.Qh8 h4 41.Qg7+ Kh5 42.Qf7+  1-0

[Event "Open"]
[Site "Balatonlelle HUN"]
[Date "2004.07.26"]
[Round "8"]
[White "Schneider,Ve"]
[Black "Vukovic,I"]
[Result "1-0"]
[WhiteElo "2212"]
[BlackElo "2227"]

1.e4 d6 2.d4 Nf6 3.Nc3 c6 4.Be3 Qa5 5.Qd2 e5 6.Nf3 Be7 7.h3 h6 8.a4 Nbd7
9.Bd3 Nf8 10.O-O Ng6 11.b4 Qc7 12.d5 O-O 13.Bc4 Kh7 14.Nh2 Bd7 15.Bb3 Rac8
16.a5 a6 17.f3 cxd5 18.Nxd5 Nxd5 19.Bxd5 Qxc2 20.Bxb7 Qxd2 21.Bxd2 Rc2 22.Rfd1 Bb5
23.Rac1 Ra2 24.Bd5 Rxd2 25.Rxd2 Bg5 26.Rcd1 Bxd2 27.Rxd2 Nf4 28.Ng4 f6 29.Ne3 Rc8
30.Nf5 Rd8 31.Bb7 Nd3 32.Bc6 Bc4 33.Rc2 Be6 34.b5 axb5 35.Bxb5 Nc5 36.Nxd6 Nb3
37.Ne8 Rd1+ 38.Kh2 Ra1 39.Rc7 Rxa5 40.Rxg7+ Kh8 41.Bd7 Bxd7 42.Rxd7 Ra6 43.Rf7 Kg8
44.Rxf6 Ra8 45.Nd6 Kg7 46.Re6 Nd2 47.h4 Ra1 48.Nf5+ Kf7 49.Rxe5 Ra2 50.Kg3 Kf6
51.Rd5 Nf1+ 52.Kh3  1-0

[Event "ch-AUT"]
[Site "Hartberg AUT"]
[Date "2004.07.26"]
[Round "3"]
[White "Roth,Pe"]
[Black "Weiss,C"]
[Result "0-1"]
[WhiteElo "2244"]
[BlackElo "2408"]

1.e4 d6 2.d4 Nf6 3.Nc3 Nbd7 4.Nf3 e5 5.g4 g6 6.Bc4 exd4 7.Qxd4 Bg7 8.Bxf7+ Kxf7
9.Ng5+ Ke7 10.Nd5+ Ke8 11.Ne6 Ne5 12.Nxg7+ Kf7 13.Qc3 Nxd5 14.exd5 Kxg7 15.Be3 Kf7
16.O-O-O Bxg4 17.f4 Nd7  0-1

[Event "7th Open"]
[Site "Korinthos GRE"]
[Date "2004.07.26"]
[Round "6"]
[White "Makka,I"]
[Black "Kostopoulos,E"]
[Result "1-0"]
[WhiteElo "2220"]
[BlackElo "2075"]

1.e4 d6 2.d4 Nf6 3.Nc3 c6 4.g3 Nbd7 5.a4 a5 6.Bg2 e5 7.Nge2 Be7 8.h3 O-O
9.O-O Re8 10.Re1 exd4 11.Nxd4 Nc5 12.b3 Qc7 13.Bb2 Bf8 14.Qd2 Bd7 15.Rad1 Rad8
16.Re2 Bc8 17.Qe1 g6 18.Ba3 Nfd7 19.Bc1 h6 20.Be3 Bg7 21.Qd2 Kh7 22.f4 Re7
23.Ndb5 cxb5 24.Nd5 Qb8 25.Nxe7 Re8 26.Nxc8 Qxc8 27.Qxd6 bxa4 28.bxa4 Re6
29.Qd5  1-0

[Event "Open"]
[Site "Balatonlelle HUN"]
[Date "2004.07.27"]
[Round "9"]
[White "Tatar Kis,S"]
[Black "Dekic,J"]
[Result "1-0"]
[WhiteElo "2411"]
[BlackElo "2317"]

1.e4 d6 2.d4 Nf6 3.Nc3 Nbd7 4.f4 e5 5.Nf3 exd4 6.Qxd4 c6 7.Be2 d5 8.exd5 Bc5
9.Qd3 cxd5 10.Be3 Qe7 11.Bd4 O-O 12.O-O-O Bxd4 13.Qxd4 Nc5 14.Rhe1 Be6 15.Bd3 Nxd3+
16.Rxd3 Qc7 17.h3 Bf5 18.Rde3 Be4 19.Ne5 Rac8 20.g4 b5 21.R1e2 Qa5 22.a3 Rfd8
23.g5 Ne8 24.Nxe4 dxe4 25.Qxe4 Nd6 26.Qd5 Qb6 27.Rd3 b4 28.axb4 Qxb4 29.Rd4 Qb6
30.Red2 Qc7 31.Nc4 Ne8 32.Qxd8 Rxd8 33.Rxd8 Kf8 34.b3 Ke7 35.Ne5 Qxd8 36.Nc6+  1-0

[Event "Open Dutch Champ"]
[Site "Dieren NED"]
[Date "2004.07.28"]
[Round "2"]
[White "Van der Poel,H"]
[Black "Dekker,Te"]
[Result "1-0"]
[WhiteElo "2303"]
[BlackElo "2069"]

1.e4 d6 2.d4 Nf6 3.Nc3 Nbd7 4.f4 e5 5.Nf3 exd4 6.Qxd4 c6 7.Be3 d5 8.exd5 Bc5
9.Qd3 Qe7 10.Nd4 Bxd4 11.Qxd4 Nxd5 12.Nxd5 cxd5 13.O-O-O O-O 14.Bd2 Qe4 15.Qxe4 dxe4
16.Bb4 Rd8 17.Bb5 a5 18.Be7 Re8 19.Bh4 g5 20.Bxg5 f6 21.Bh4 Re7 22.Rhe1 Kg7
23.Rd6  1-0